• 首页
  • 本馆介绍
  • 公告通知
  • 最新文献
  • 馆藏检索
  • 电子资源
  • 读者导购
  • 参考咨询
  • 我的图书馆
  • 登录
  • 详细信息显示
  • 放入我的书架
  • 预约/预借图书
  • 作者相关作品
  • 分类相关作品
  • 丛书相关作品
  • 出版社相关作品

书目信息

  • 表格格式
  • 工作单格式
  • 卡片格式
题名:
国际食品安全博弈
    
 
作者: 叶波 著
分册:  
出版信息: 上海   上海人民出版社  2013
页数: 250页
开本: 23cm
丛书名:
单 册:
中图分类: TS201.6
科图分类:
主题词: 食品安全--研究--世界 , 食品安全
电子资源:
ISBN: 978-7-208-11326-8
000 00949nam0 2200253 450
001 524
005 20140909103948.23
010    @a978-7-208-11326-8@dCNY32.00
100    @a20130626d2013 em y0chiy50 ea
101 0  @achi
102    @aCN@b310000
105    @ay v 000yy
106    @ar
200 1  @a国际食品安全博弈@AGuo Ji Shi Pin An Quan Bo Yi@f叶波著@FYe Bo Zhu
210    @a上海@c上海人民出版社@d2013
215    @a250页@d23cm
300    @a“085学科高地高层次人才团队建设项目”资助
330    @a本书概述了国际食品安全问题,分析了WTO规范食品安全的法律规则以及WTO食品安全争端的具体问题。介绍了欧盟食品安全法律制度和中国食品安全问题并得出结论,评论了WTO协定以及争端解决实践以及食品安全问题的趋势,认为中国《食品安全法》将显著改善食品安全状况。
606 0  @a食品安全@x研究@y世界
606 0  @a食品安全
690    @aTS201.6@v5
701  0 @a叶波@AYe Bo@f(1981~)@4著
801  0 @aCN@bTANGWEI@c20140603
905    @b0837781-83@dTS201.6@e168@f3
    
    国际食品安全博弈/叶波著.-上海:上海人民出版社,2013
    250页;23cm
    “085学科高地高层次人才团队建设项目”资助
    
    ISBN 978-7-208-11326-8:CNY32.00
    本书概述了国际食品安全问题,分析了WTO规范食品安全的法律规则以及WTO食品安全争端的具体问题。介绍了欧盟食品安全法律制度和中国食品安全问题并得出结论,评论了WTO协定以及争端解决实践以及食品安全问题的趋势,认为中国《食品安全法》将显著改善食品安全状况。
●
相关链接 在E读中查询图书 在五车中查询图书 在当当中查询图书 在豆瓣中查询图书


正题名:国际食品安全博弈     索取号:TS201.6/168         预约/预借

序号 登录号 条形码 馆藏地/架位号 状态 备注
1 0837781   208377816   第二样本阅览室/ [索取号:TS201.6/168] 在馆    
2 0837782   208377825   第三借阅区/ [索取号:TS201.6/168] 在馆    
3 0837783   208377834   第三借阅区/ [索取号:TS201.6/168] 在馆    
唐山师范学院图书馆 欢迎您!
大连网信软件有限公司© 版权所有